000 01010cam a22003137a 4500
003 CHAP
005 20220329142107.0
008 990615d1997 mx ab r 00110 spa d
010 _a78289
011 _a79261
020 _a9706400672
035 _a89432
040 _cCHAP
082 0 4 _a333.79
_bA5
100 0 0 _aAlba, Fernando.
_93429
245 1 0 _aIntroducción a los energéticos :
_bpasado, presente y futuro
_c/por Fernando Alba
260 _aMéxico, D.F. :
_bEl Colegio Nacional,
_c1997.
300 _a161 p. :
_bilus. ; gráfs. ; mapas ; cuadros
590 _aBATCH-UPD
_b10
_c20130110
_lUCH01
_h0421
590 _aBATCH-UPD
_b10
_c20130110
_lUCH01
_h2106
590 _aBATCH-UPD
_b10
_c20130410
_lUCH01
_h0056
590 _aBATCH-UPD
_b10
_c20130913
_lUCH01
_h2345
590 _aCONVERSION
_b10
_c20130109
_lUCH01
_h1343
650 1 4 _aEnergéticos.
_936879
901 _aBK
905 _aBlanca M. García O.
942 _cLIBRO
949 _a333.79 A5
_bBC
_cLIBRO
_d33724000726568
_eLIBRO
_h95763
_i89432
_si
999 _c78289
_d78289